Statistics for Denmark Cities Map Quiz

Click here to take the quiz!

General Stats

  • This quiz has been taken 428 times
    (415 since last reset)
  • The average score is 7 of 10

Answers on the Map

Answers color-coded by a green-red scale on the quiz's map according to % correct below.
 

Answer Stats

Answer% Correct
Copenhagen
91%
Aarhus
84%
Odense
80%
Aalborg
79%
Esbjerg
64%
Helsingør
62%
Roskilde
62%
Kolding
58%
Heming
51%
Randers
51%

Score Distribution

Percentile by Number Answered

Percent of People with Each Score

Your Score History

You have not taken this quiz since the last reset